| 000 | 00513nam a22001697a 4500 | ||
|---|---|---|---|
| 003 | MACL | ||
| 005 | 20160716163704.0 | ||
| 008 | 160716b xxu||||| |||| 00| 0 eng d | ||
| 040 | _cMACL | ||
| 041 | _aHinid | ||
| 082 | _a510 | ||
| 100 |
_aटायरा, एम _964560 |
||
| 245 |
_aक्विकर मैथ्स _cएम, टायरा |
||
| 260 |
_aनई दिल्ली _bबी, एस, सी पब्लिशिंग _c2006 |
||
| 650 |
_aगणित _964561 |
||
| 942 |
_2ddc _cHIN |
||
| 999 |
_c54327 _d54327 |
||